|
|
|
|
| LEADER |
00000nab a2200000 a 4500 |
| 001 |
vtls008414834 |
| 003 |
SK-MaSNL |
| 005 |
20260304135540.0 |
| 008 |
250505c2005 xo 0 slo |
| 015 |
|
|
|a SNBCL2005/5
|
| 035 |
|
|
|a SLK032710
|
| 035 |
|
|
|a urn:nbn:sk:snk-ab6isb
|
| 035 |
|
|
|a (uuid)bebebd1e-c51f-42a1-ba62-25746d65b6d1
|
| 035 |
|
|
|a (urnnbn)urn:nbn:sk:snk:ar-004dd9
|
| 040 |
|
|
|a SNKBUCL
|b slo
|c SNKBUCL
|e AACR2
|
| 041 |
0 |
|
|a cze
|b cze
|b eng
|
| 044 |
|
|
|a xo
|c SK
|
| 080 |
|
|
|a 616-001.12-085:616.89(238.1)
|2 1981
|
| 100 |
1 |
|
|a Horský, Otto,
|d 1938-
|4 aut
|9 548051
|
| 245 |
1 |
0 |
|a Nemoc z vysoké výšky
|c O. Horský
|
| 300 |
|
|
|b Obr.
|
| 504 |
|
|
|a Res. angl., čes.
|
| 504 |
|
|
|a Bibliogr. odkazy
|
| 650 |
0 |
7 |
|a choroba výšková
|2 MESH
|9 988242
|
| 650 |
0 |
7 |
|a aklimatizácia človeka
|2 MESH
|9 250176
|
| 650 |
0 |
7 |
|a aktivita motorická
|2 MESH
|9 1249143
|
| 650 |
0 |
7 |
|a nápoje
|2 MESH
|9 17296
|
| 650 |
0 |
7 |
|a športové vybavenie
|2 MESH
|9 3299
|
| 773 |
0 |
|
|t Derma 3. tisícročia
|g Roč. 5, č. 1 (2005), s. 22-24
|x 1335-7913
|
| 850 |
|
|
|a Slovenská národná knižnica
|
| 852 |
|
|
|a Slovenská národná knižnica
|
| 954 |
|
|
|a odborná, vedecká literatúra cudzojazyčná (svetová)
|2 lita
|
| 958 |
|
|
|a article27
|
| 958 |
|
|
|a OND
|
| 958 |
|
|
|a EUIPO
|
| 999 |
|
|
|c 2911178
|d 2913108
|